Fr. Conceicao Rodrigues College of Engineering

SQL (Record no. 35110)

MARC details
000 -LEADER
fixed length control field 00290nam a2200145Ia 4500
082 ## - DEWEY DECIMAL CLASSIFICATION NUMBER
Classification number 005.133'sql' / GRO / WEI
Item number 18177
100 ## - MAIN ENTRY--PERSONAL NAME
Personal name #N/A
250 ## - EDITION STATEMENT
Edition statement 2 nd
245 ## - TITLE STATEMENT
Title SQL
260 ## - PUBLICATION, DISTRIBUTION, ETC.
Name of publisher, distributor, etc. #N/A
Date of publication, distribution, etc. 2003
546 ## - LANGUAGE NOTE
Language note ENGLISH
650 ## - SUBJECT ADDED ENTRY--TOPICAL TERM
Topical term or geographic name entry element Computer/ IT
654 ## - SUBJECT ADDED ENTRY--FACETED TOPICAL TERMS
Focus term microsoft
942 ## - ADDED ENTRY ELEMENTS (KOHA)
Koha item type BOOK
Holdings
Withdrawn status Lost status Damaged status Not for loan Collection Home library Current library Date acquired Total Checkouts Full call number Barcode Date last seen Price effective from Koha item type
        CD Fr. Agnel's C.Rodrigues College of Engineering Fr. Agnel's C.Rodrigues College of Engineering 17/03/2023   005.133'sql' / GRO / WEI 18177 CD1713 17/03/2023 17/03/2023 BOOK